000 00571nam a2200169 a 4500
001 000029866
005 20200930055851.0
008 110426s1999 dr 000 0 spa d
040 _aDO-SdBNP
_bspa
_cBNPHU
110 2 _aCentro Nacional de Investigaciones en Salud Materno Infantil
_955757
245 1 0 _aAdolescencia y salud integral /
_ceditor Jeannette Báez.
260 _aSanto Domingo :
_bCENISMI,
_c1999.
300 _a15 p. ;
_c28 cm.
490 1 _aReuniones técnicas
_vv. 4
700 1 _aBáez, Jeannette,
_eed.
_956613
830 0 _aReuniones técnicas
_vv. 4
_955759
999 _c29358
_d29358